000 00301nam a22001337a 4500
020 _a978-0-7166-2276-5
082 _a001
_bCAR/C
100 _aCARRIGAN, MELLONEE
245 _aCELEBRATE!
260 _aUSA
_bWORLD BOOK INC
_c2013
300 _a192
650 _aENCYCLOPEDIA SCIENCE
_zINDIA
942 _cBK
999 _c1820
_d1820